00390nam a2200157Ia 4500003000400000005001700004008004100021040000700062041000800069082002100077245004100098260005300139365000800192650001400200650001800214OSt20230607095130.0210423s1984 xx 000 0 und d cAL aeng a305.4 223bGOVM aWomens development project rajasthan aRajasthanbDepartment of rural developmentc1984 cINR aSociology aWomen Studies